Princípy, pravidlá, metódy a dokumentácia transferového oceňovania

Základné metódy používané pri transferovom oceňovaní podľa OECD. Tradičné transakčné metódy. Metódy transakčného zisku. Zhodnotenie jednotlivých metód vzhľadom na ich použitie v praxi. Zhrnutie k metódam transferového oceňovania.

Gespeichert in:
Bibliographische Detailangaben
1. Verfasser: Reháková, Alena
Weitere Verfasser: Solomon, Ján
Format: Buchkapitel
Sprache:Slowakisch
Schlagworte:
Tags: Tag hinzufügen
Keine Tags, Fügen Sie das erste Tag hinzu!

MARC

LEADER 00000naa$a2200000$$$4500
001 0096093
005 20230927074124.6
041 0 |a slo 
044 |a SK 
245 1 0 |a Princípy, pravidlá, metódy a dokumentácia transferového oceňovania  |c Alena Reháková ... [et al.] 
520 |a Základné metódy používané pri transferovom oceňovaní podľa OECD. Tradičné transakčné metódy. Metódy transakčného zisku. Zhodnotenie jednotlivých metód vzhľadom na ich použitie v praxi. Zhrnutie k metódam transferového oceňovania. 
610 2 0 |a oceňovanie transferové 
610 2 0 |a metódy 
610 2 0 |a smernice 
610 2 0 |a OECD 
100 1 |a Reháková, Alena 
700 1 |a Solomon, Ján